MDQL
is popping MORE tags! Check the
thread
!
Quizzes
Events
Quiz Creation
Community
Videos
Private Events
Remove Ads
Sign In
Join for FREE
Feedback
Dark Mode
Quiz Categories
Sports
Geography
Music
Movies
Television
Just For Fun
Miscellaneous
History
Literature
Language
Science
Gaming
Entertainment
Religion
Holiday
For Kids
Quiz Lab
Recent
Popular Today
Quiz Kudos Today
Editor Picks
Curator Picks
Quizzes by...
Day
Popularity
Type
Ratings
Length
Year
Community
Subscriptions
Recent Discussions
Orange Saloon
Badges
Playlists
Quests
Create
Leaderboards
Showdown
Live 5
Trivia Bingo
Activity
Puzzle Library
Sporcle Events
Private Events
Virtual Trivia
Globe League
Become a Host
Pub Owners
SporcleCon
Opinionation
Our Games
Videos
Blog
Mobile Apps
Partnerships
Remove Ads and Go Orange
Feedback
Miscellaneous
Crossword
General Knowledge
Baby Names
Logo
Food
Cars
Numbers
Grab Bag
University
College
Popular
Company
Slogans
Restaurants
Justice
Letter
Miscellaneous
Crossword
General Knowledge
Baby Names
Logo
Food
Cars
Numbers
Grab Bag
University
College
Popular
Company
Slogans
Restaurants
Justice
Letter
Random Quiz
Search Sporcle
×
Quiz Lab
Quiz Lab
Miscellaneous
limit
Type in answers that appear in a list
Type in answers that appear in a list
Classic
Best Score? Go Orange.
M Limits 2 Stats
Can you name the M Limits 2?
By
vince013
10m
27 Questions
6 Plays
6 Plays
6 Plays
Comments
Comments
Give Quiz Kudos
Give Quiz Kudos
-
- Ratings
hide this ad
Replay
Link that replays current quiz
Next Quiz
Link to next quiz in quiz playlist
You Got
0%
They Got
Avg Score
66%
Avg Friend Score
Upgrade to see
Score Distribution
Jump to the score distribution portion of the page
Score
0/27
Timer
10:00
0
Plays Today
Text
% Correct
At engine power levels of _
_
% Q per engine and below, full anti-
ice capability cannot be provided, due to engine bleed limitations
10
83.3%
[Transmission] Oil Pressure should remain steady and should be in the _
_
to _
_
psi range
45, 60
66.7%
At ambient temps of _
C and below, _
consecutive start cycles may be made followed by a _
min rest period followed by _
more consecutive start cycles. A _
min rest is then required
15, 2, 3, 2, 30
66.7%
At ambient temperatures above _
_
up to _
_
C, _
_
consecutive start cycles may be made. A _
_
minute rest period is then required before any additional starts cycles.
15, 52, 2, 30
66.7%
The minimum ground-
air source required to start the helicopter engines is _
_
psig and _
_
ppm at _
_
C. The maximum is _
_
psig at _
_
C.
40, 30, 149, 50, 249
66.7%
Slope limits -
_
_
deg Nose Up/
Left/
Right, decreased by _
_
for every _
_
knots of wind. _
_
deg Nose down
15, 2, 5, 6
66.7%
During nose up-
slope at _
_
deg, a xmsn oil pressure of _
_
to _
_
is normal; at _
_
deg _
_
to _
_
is normal
10, 30, 35, 15, 10, 15
66.7%
_
_
deg Max Bank angle w/
Primary servo illuminated
30
66.7%
Landing gear limits -
< or = 16825: _
_
level, _
_
slope; >16825: _
_
level, _
_
slope
540, 360, 300, 180
66.7%
Max forward touchdown a/
s on level terrain: _
_
kts GS
60
66.7%
Do not test windshield anti-
ice above _
_
deg C
27
66.7%
Prohibited maneuvers: hovering turns >_
_
deg/
sec, pitch >+/
-
_
_
deg, roll >_
_
deg, _
_
_
ground taxi, throttle chop
30, 30, 60, rearward
66.7%
Max auto a/
s < or = 16825:_
_
; >16825: _
_
150, 130
66.7%
Hovering in winds from side/
rear >_
_
kts (_
_
kts w/
ERFS)
45, 35
66.7%
Text
% Correct
Hyd/
SAS inop A/
S: _
_
w/
1 inop, _
_
w/
2 inop, _
_
w/
2 inop in IMC
170, 150, 140
66.7%
_
_
max a/
s w/
one engine inop
130
66.7%
_
_
max a/
s with gunner's window open, _
_
w/
cabin door and soundproofing secured
170, 145
66.7%
Max weight: _
_
, external lift mission:_
_
, ESSS on ferry: _
_
22000, 23500, 24500
66.7%
Max capacity for storage compartments: _
_
125
66.7%
The 4 cabin ceiling tiedown fittings have a limited load capability of _
_
pounds
4000
66.7%
Cargo hook capacity: _
_
9000
66.7%
Rotor brake shall not be applied with engine(s) operating and rotor turning except during an emergency stop. Maximum rotor speed for emergency rotor brake applications is _
_
% NR.
76
66.7%
Routine stops will be with engine(s) off, NR below _
_
% and with _
_
_
-
_
_
_
psi applied to stop the rotor in not less than _
_
seconds
40, 150, 180, 12
66.7%
Engine start attempts at or above a pressure altitude of _
_
_
_
feet could result in a hot start.
18000
66.7%
Maximum weight is further limited by cargo floor maximum capacity of _
_
_
pounds per
300
66.7%
APU: >_
_
deg w/
rotor operating: _
_
. continuous < _
_
deg and no rotor
43, 30, 51
50%
Minimum rotor brake pressure for engine start is _
_
_
psi. Maximum rotor brake pressure for engine start is _
_
_
psi.
450, 690
50%
Quiz Playlist
Details
Report
Send in Message
Add To Playlist
Classic:
Type in answers that appear in a list
Last Updated: Feb 16, 2017
Quiz Scoreboard
CHALLENGE
Sign Up to Join the Scoreboard
Show All
Scores
Hide
Comments
May contain spoilers
Recently Published
Find the 'City' Movie
by crazypaving
Movies
60s
5x2 Blitz: Bands
by SL_Kpop136
Music
30s
Colored Red Africa Blitz
by spor1
Geography
30s
More to Explore
Quiz From the Vault
Featured Blog Post
14 Easter Pick-up Lines to Find Eggs With
hide this ad
You Might Also Like...
Tags
limit
Today's Top Quizzes in Miscellaneous
Browse Miscellaneous
hide this ad
Today's Top Quizzes in limit
Browse limit
Top Contributed Quizzes in Miscellaneous
1
5-to-1: Fast Food
2
9x9 Crossword: Disney Movie Titles
3
9x9 Crossword: Charlie and the Chocolate Factory
4
9x9 Crossword: Halloween
5
The JOE quick-fire general knowledge quiz: Day 174
6
Picture Click Blitz: Airline Logos
7
9x9 Crossword: 2022 Movies
8
9x9 Crossword: Toy Story
9
9x9 Crossword: The Simpsons
10
random perfect cubes 1-30
Explore More
Trending Topics
Disney
Harry Potter
Kpop
Marvel
Crossword
NBA
Anime
Soccer
The Office
Song
Puzzle
WWE
Pokémon
Country
NFL
hide this ad
More By:
vince013
Quiz
Plays
Rating
Category
Featured
Created
Limits 2
23
3.00
Miscellaneous
May 22, 2010
M Limits
10
Miscellaneous
Aug 15, 2012
M Limits 2
6
Miscellaneous
Aug 15, 2012
Go to Creator's Profile
Score Distribution
Quiz Creator Spotlight
vince013
Follow
Send a Message
Quizzes Created
-
Created Quiz Play Count
-
More By This Creator
Popular Quizzes Today
1
Find the 'City' Movie
2
5x2 Blitz: Bands
3
Colored Red Africa Blitz
4
Find the US States - No Outlines Minefield
5
The Countries of the World
6
Find the US States
7
9x9 Crossword: Cartoon Network
8
US States
More Miscellaneous Quizzes
Sporcle Grab Bag: Spill the Tea!
Published
Trending Quizzes
Colored Red Africa Blitz II
Colored Red Europe Blitz I
Colored Red Africa Blitz III
Colored Red Europe Blitz II
Colored Red Europe Blitz III
Recently Updated
Champions League XIs: Real Madrid
pecheneg
Largest US Cities 1790-2010
pecheneg
Rides in Walt Disney World
pecheneg
Most Oscar Losses (Acting)
pecheneg
Beyoncé Albums
pecheneg
Leaping Animals
pecheneg
Reality TV Shows (A-Z)
bhenderson79
Rickey Henderson's Hall of Fame Teammates
pecheneg
Champions League XIs: Arsenal
pecheneg
Quick Pick: Celebrities in WWE's Hall of Fame
aduchscher
Trending Topics
Marvel
Disney
NBA
Harry Potter
Anime
Kpop
Crossword
Soccer
Song
NFL
WWE
Pokémon
Country
Puzzle
The Office
Your Account Isn't Verified!
In order to create a playlist on Sporcle, you need to verify the email address you used during registration. Go to your
Sporcle Settings
to finish the process.
Report this User
Report this user for behavior that violates our
Community Guidelines
.
Details:
Send Report
Go to the Sporcle.com Mobile Site →
Comments